[Event "SVK-chT2C 2122"]
[Site "Slovakia"]
[Date "2022.04.30"]
[Round "10.6"]
[White "Turkova, Karolina"]
[Black "Topolovsky, Vincent"]
[Result "1/2-1/2"]
[WhiteElo "1891"]
[BlackElo "1898"]
[PlyCount "63"]
[EventDate "2021.10.16"]
[EventType "team-tourn"]
[EventRounds "11"]
[EventCountry "SVK"]
[SourceTitle "EXT 2023"]
[Source "ChessBase"]
[SourceDate "2022.10.05"]
[SourceVersion "1"]
[SourceVersionDate "2022.10.05"]
[SourceQuality "1"]
[WhiteTeam "Liptov Chess School III"]
[BlackTeam "Banska Bystrica Kurta"]
[WhiteTeamCountry "SVK"]
[BlackTeamCountry "SVK"]

1. e4 c5 2. Nf3 Nc6 3. d4 cxd4 4. Nxd4 e5 5. Nb5 a6 6. Nd6+ Bxd6 7. Qxd6 Qf6 8. Qxf6 Nxf6 9. Nc3 d5 10. exd5 Nb4 11. Bd3 Nxd3+ 12. cxd3 Bf5 13. 0-0 Bxd3 14. Re1 Nd7 15. f4 f6 16. fxe5 Nxe5 17. Bf4 Kd7 18. Bxe5 fxe5 19. Rxe5 Rae8 20. Rxe8 Rxe8 21. Rd1 Bg6 22. Kf2 Kd6 23. Rd2 b5 24. a3 Re5 25. Kf3 Re8 26. Kf4 Re7 27. g4 h6 28. h4 Re5 29. Rd4 Re1 30. Rd2 Re5 31. Rd4 Re1 32. Rd2 1/2-1/2

[Event "Tatranska Lomnica Tatry op"]
[Site "Tatranska Lomnica"]
[Date "2021.10.03"]
[Round "3"]
[White "Turkova, Karolina"]
[Black "Pein, Jonathan"]
[Result "0-1"]
[WhiteElo "1928"]
[BlackElo "2255"]
[PlyCount "60"]
[EventDate "2021.10.02"]
[EventType "swiss"]
[EventRounds "9"]
[EventCountry "SVK"]
[SourceTitle "EXT 2023"]
[Source "ChessBase"]
[SourceDate "2022.10.05"]
[SourceVersion "1"]
[SourceVersionDate "2022.10.05"]
[SourceQuality "1"]

1. e4 c5 2. Nf3 d6 3. d4 cxd4 4. Nxd4 Nf6 5. Nc3 a6 6. Be3 e5 7. Nb3 Be6 8. f3 h5 9. Qd2 Nbd7 10. 0-0-0 b5 11. Kb1 Be7 12. Bd3 0-0 13. h4 Nb6 14. Qf2 Nfd7 15. g4 hxg4 16. fxg4 Nc4 17. Bxc4 bxc4 18. Nc1 Rb8 19. g5 Qa5 20. Nd5 Bxd5 21. exd5 f5 22. gxf6 Bxf6 23. Ka1 e4 24. Bd4 Rxb2 25. Kxb2 c3+ 26. Ka1 Qa3 27. Nd3 exd3 28. Rb1 Bxd4 29. Qxd4 dxc2 30. Qg4 cxb1R+ 0-1

[Event "SVK-chT2C 1920"]
[Site "Slovakia"]
[Date "2020.02.16"]
[Round "9.4"]
[White "Matejov, Jaroslav"]
[Black "Turkova, Karolina"]
[Result "1-0"]
[WhiteElo "2059"]
[BlackElo "1931"]
[PlyCount "85"]
[EventDate "2019.10.26"]
[EventType "team-tourn"]
[EventRounds "11"]
[EventCountry "SVK"]
[SourceTitle "CBM 195 Extra"]
[Source "ChessBase"]
[SourceDate "2020.05.31"]
[SourceVersion "1"]
[SourceVersionDate "2020.05.31"]
[SourceQuality "1"]
[WhiteTeam "Rajecke Teplice"]
[BlackTeam "Liptov Chess School III"]
[WhiteTeamCountry "SVK"]
[BlackTeamCountry "SVK"]

1. e4 e5 2. Nf3 Nc6 3. d4 exd4 4. Nxd4 Bc5 5. Be3 Qf6 6. c3 Qg6 7. Nd2 Nf6 8. Qf3 Bxd4 9. Bxd4 Nxd4 10. cxd4 d5 11. e5 Ne4 12. Nxe4 dxe4 13. Qc3 c6 14. g3 0-0 15. Bg2 f5 16. exf6 Rxf6 17. 0-0 Be6 18. f3 exf3 19. Rxf3 Rxf3 20. Bxf3 Rd8 21. Rf1 Bh3 22. Re1 Qf6 23. Re4 Be6 24. a3 Bd5 25. Rf4 Qe7 26. Bxd5+ Rxd5 27. Kf2 h6 28. Qe3 Qxe3+ 29. Kxe3 Rb5 30. Rf2 Kh7 31. Ke4 Kg6 32. g4 Rg5 33. Rf4 Rb5 34. b4 a5 35. Rf5 Rb6 36. Rxa5 Kf6 37. h4 Ke6 38. g5 hxg5 39. hxg5 Ke7 40. Kd3 Ke6 41. Kc4 Kd6 42. a4 g6 43. Ra8 1-0

[Event "Prague op-A 19th"]
[Site "Prague"]
[Date "2020.01.17"]
[Round "9"]
[White "Turkova, Karolina"]
[Black "Husa, Daniel"]
[Result "1/2-1/2"]
[WhiteElo "1981"]
[BlackElo "1841"]
[PlyCount "35"]
[EventDate "2020.01.10"]
[EventType "swiss"]
[EventRounds "9"]
[EventCountry "CZE"]
[SourceTitle "CBM 195 Extra"]
[Source "ChessBase"]
[SourceDate "2020.05.31"]
[SourceVersion "1"]
[SourceVersionDate "2020.05.31"]
[SourceQuality "1"]

1. e4 c5 2. Nf3 e6 3. d4 cxd4 4. Nxd4 Nf6 5. Nc3 Nc6 6. Bg5 Bb4 7. Nde2 Qa5 8. Bxf6 gxf6 9. a3 Bxc3+ 10. Nxc3 Ke7 11. Be2 a6 12. Qd2 b5 13. Rd1 Qc7 14. 0-0 Bb7 15. f4 Rhg8 16. Rf3 Rad8 17. Kh1 d6 18. Qe3 1/2-1/2

[Event "Tatry op"]
[Site "Tatranske Zruby"]
[Date "2019.09.30"]
[Round "4"]
[White "Turkova, Karolina"]
[Black "Ramik, Zdenek"]
[Result "1/2-1/2"]
[WhiteElo "1999"]
[BlackElo "2149"]
[PlyCount "131"]
[EventDate "2019.09.28"]
[EventType "swiss"]
[EventRounds "9"]
[EventCountry "SVK"]
[SourceTitle "EXT 2020"]
[Source "ChessBase"]
[SourceDate "2019.10.17"]
[SourceVersion "1"]
[SourceVersionDate "2019.10.17"]
[SourceQuality "1"]

1. e4 e5 2. Nf3 d6 3. d4 exd4 4. Nxd4 Nf6 5. Nc3 Be7 6. Bf4 0-0 7. Qd2 Nc6 8. 0-0-0 Nxd4 9. Qxd4 Be6 10. f3 a6 11. Kb1 b5 12. Qd2 Qb8 13. g4 b4 14. Nd5 Nxd5 15. exd5 Bd7 16. h4 c5 17. Re1 Bf6 18. Qh2 Re8 19. Bd3 Be5 20. Bxe5 dxe5 21. g5 Qd6 22. h5 a5 23. g6 fxg6 24. hxg6 h6 25. Re4 Bf5 26. Re3 Bxd3 27. Rxd3 c4 28. Rdd1 c3 29. Qh5 Re7 30. Rh4 Rd8 31. Rc4 Rc7 32. Rxc7 Qxc7 33. Qf5 Qe7 34. d6 Qf6 35. Qe4 Kf8 36. Qd5 Qxg6 37. Qxe5 Qf6 38. Qxa5 Kg8 39. Qxb4 Qxf3 40. Qc4+ Qf7 41. Qxc3 Rxd6 42. Rg1 Rg6 43. Re1 Rf6 44. a4 Rf3 45. Qc8+ Kh7 46. a5 Rf1 47. Rxf1 Qxf1+ 48. Ka2 Qb5 49. Qc3 g5 50. Qd3+ Qxd3 51. cxd3 g4 52. a6 g3 53. a7 g2 54. a8Q g1Q 55. Qb7+ Kg6 56. Qe4+ Kf6 57. d4 Qd1 58. d5 h5 59. Qf4+ Kg6 60. d6 Qd5+ 61. b3 h4 62. Qg4+ Kf7 63. Qd7+ Kg6 64. Qg4+ Kf7 65. Qd7+ Kg6 66. Qg4+ 1/2-1/2

[Event "Tatry op"]
[Site "Tatranske Zruby"]
[Date "2019.09.28"]
[Round "1"]
[White "Borsos, Bogdan"]
[Black "Turkova, Karolina"]
[Result "1-0"]
[WhiteElo "2210"]
[BlackElo "1999"]
[PlyCount "43"]
[EventDate "2019.09.28"]
[EventType "swiss"]
[EventRounds "9"]
[EventCountry "SVK"]
[SourceTitle "EXT 2020"]
[Source "ChessBase"]
[SourceDate "2019.10.17"]
[SourceVersion "1"]
[SourceVersionDate "2019.10.17"]
[SourceQuality "1"]

1. Nf3 d5 2. c4 d4 3. e3 Nc6 4. exd4 Nxd4 5. Nxd4 Qxd4 6. Nc3 c6 7. d3 Bf5 8. Be3 Qd7 9. d4 Nf6 10. Be2 g6 11. h3 0-0-0 12. Qa4 a6 13. Qb3 Bg7 14. Na4 Qc7 15. 0-0 Nd7 16. Rfd1 h5 17. d5 Be5 18. Nb6+ Kb8 19. dxc6 Qxc6 20. Bf3 Qe6 21. Bd5 Qf6 22. Na4 1-0

[Event "CZE/SVK-chT (Women)"]
[Site "Ruzomberok"]
[Date "2018.09.14"]
[Round "5"]
[White "Lhotska, Anna"]
[Black "Turkova, Karolina"]
[Result "1-0"]
[WhiteElo "1688"]
[BlackElo "1996"]
[PlyCount "103"]
[EventDate "2018.09.10"]
[EventType "team-tourn"]
[EventRounds "5"]
[EventCountry "SVK"]
[SourceTitle "CBM 186 Extra"]
[Source "ChessBase"]
[SourceDate "2018.08.24"]
[SourceVersion "1"]
[SourceVersionDate "2018.08.24"]
[SourceQuality "1"]
[WhiteTeam "Interchess (W)"]
[BlackTeam "Liptov Chess School (W)"]
[WhiteTeamCountry "CZE"]
[BlackTeamCountry "SVK"]

1. e4 e5 2. Nf3 Nc6 3. d4 exd4 4. Nxd4 Bc5 5. Be3 Qf6 6. c3 Nge7 7. Bb5 Bb6 8. 0-0 0-0 9. Re1 d5 10. Nxc6 bxc6 11. Bd3 dxe4 12. Bxe4 Be6 13. Qf3 Qxf3 14. Bxf3 Rab8 15. b3 h6 16. c4 Rfd8 17. Nc3 Rd3 18. Ne2 Bxe3 19. fxe3 a5 20. Nd4 Bd7 21. Rab1 Rc3 22. Be4 c5 23. Nf3 Bf5 24. Nd2 Rd8 25. Rbd1 Rxd2 26. Rxd2 Bxe4 27. Rd8+ Kh7 28. Re8 Rc2 29. Rxe7 f5 30. g4 Rg2+ 31. Kf1 Rxh2 32. gxf5 Bxf5 33. e4 Bh3+ 34. Kg1 Rg2+ 35. Kh1 Rxa2 36. Rg1 h5 37. Rexg7+ Kh8 38. Rxc7 Bg4 39. Rf1 Kg8 40. Rxc5 a4 41. bxa4 Rxa4 42. e5 Ra2 43. Re1 Bf3+ 44. Kg1 h4 45. Re3 Ra1+ 46. Kf2 Bg4 47. e6 Ra2+ 48. Ke1 Ra1+ 49. Kd2 Ra2+ 50. Kc1 Kf8 51. e7+ Ke8 52. Rg5 1-0

[Event "CZE/SVK-chT (Women)"]
[Site "Ruzomberok"]
[Date "2018.09.13"]
[Round "4"]
[White "Turkova, Karolina"]
[Black "Zlamana, Anna"]
[Result "1-0"]
[WhiteElo "1996"]
[BlackElo "1534"]
[PlyCount "89"]
[EventDate "2018.09.10"]
[EventType "team-tourn"]
[EventRounds "5"]
[EventCountry "SVK"]
[SourceTitle "CBM 186 Extra"]
[Source "ChessBase"]
[SourceDate "2018.08.24"]
[SourceVersion "1"]
[SourceVersionDate "2018.08.24"]
[SourceQuality "1"]
[WhiteTeam "Liptov Chess School (W)"]
[BlackTeam "Ricany (W)"]
[WhiteTeamCountry "SVK"]
[BlackTeamCountry "CZE"]

1. e4 e5 2. Nf3 Nc6 3. Bb5 a6 4. Ba4 Nf6 5. 0-0 Be7 6. Re1 b5 7. Bb3 d6 8. c3 0-0 9. h3 Na5 10. Bc2 c5 11. d4 Qc7 12. Nbd2 Bd7 13. Nf1 Rfc8 14. d5 Nc4 15. Ng3 a5 16. Nh4 h6 17. Nhf5 Bxf5 18. Nxf5 Bf8 19. Qf3 Qd8 20. g4 Nh7 21. Kg2 Ng5 22. Qg3 g6 23. h4 gxf5 24. gxf5 f6 25. hxg5 fxg5 26. b3 Nb6 27. Bd1 Bg7 28. f6 Qxf6 29. Bg4 Rc7 30. Be6+ Kf8 31. Re3 Ke8 32. Rf3 Qg6 33. Qg4 Kd8 34. Bd2 Re7 35. Rf5 Kc7 36. Qe2 c4 37. Be3 Rf8 38. Bxb6+ Kxb6 39. bxc4 Rc7 40. Rb1 b4 41. cxb4 Rxf5 42. bxa5+ Ka7 43. exf5 Qe8 44. Qe3+ Ka8 45. Qb6 1-0

[Event "CZE/SVK-chT (Women)"]
[Site "Ruzomberok"]
[Date "2018.09.12"]
[Round "3"]
[White "Sevcikova, Lucia"]
[Black "Turkova, Karolina"]
[Result "1-0"]
[WhiteElo "1758"]
[BlackElo "1996"]
[PlyCount "67"]
[EventDate "2018.09.10"]
[EventType "team-tourn"]
[EventRounds "5"]
[EventCountry "SVK"]
[SourceTitle "CBM 186 Extra"]
[Source "ChessBase"]
[SourceDate "2018.08.24"]
[SourceVersion "1"]
[SourceVersionDate "2018.08.24"]
[SourceQuality "1"]
[WhiteTeam "Zilina Region CF (W)"]
[BlackTeam "Liptov Chess School (W)"]
[WhiteTeamCountry "SVK"]
[BlackTeamCountry "SVK"]

1. e4 e5 2. Nf3 Nc6 3. Bc4 Nf6 4. Ng5 d5 5. exd5 Na5 6. Bb5+ c6 7. dxc6 bxc6 8. Bd3 Nd5 9. Ne4 Nf4 10. Bf1 f5 11. Ng3 Bd6 12. d3 0-0 13. Ne2 Re8 14. g3 Nxe2 15. Qxe2 Ba6 16. Qd1 Bc5 17. Be3 Qd5 18. Rg1 Bxe3 19. fxe3 Qc5 20. Qd2 Rab8 21. Nc3 f4 22. Na4 Qxe3+ 23. Qxe3 fxe3 24. Bg2 Rf8 25. 0-0-0 Rf2 26. Nc5 Bc8 27. Ne4 Bg4 28. Rde1 Rf7 29. Rxe3 Be6 30. Ng5 Rf6 31. Rxe5 Rf5 32. Rge1 Rxe5 33. Rxe5 Rb5 34. Rxb5 1-0

[Event "SVK-chT2C 1718"]
[Site "Slovakia"]
[Date "2018.03.18"]
[Round "11.4"]
[White "Holeczy, Martin"]
[Black "Turkova, Karolina"]
[Result "1/2-1/2"]
[WhiteElo "1988"]
[BlackElo "2005"]
[PlyCount "29"]
[EventDate "2017.10.28"]
[EventType "team-tourn"]
[EventRounds "11"]
[EventCountry "SVK"]
[SourceTitle "EXT 2020"]
[Source "ChessBase"]
[SourceDate "2019.10.17"]
[SourceVersion "1"]
[SourceVersionDate "2019.10.17"]
[SourceQuality "1"]
[WhiteTeam "Banska Bystrica Veza"]
[BlackTeam "Liptov Chess School III"]
[WhiteTeamCountry "SVK"]
[BlackTeamCountry "SVK"]

1. d4 d5 2. c4 c6 3. e3 Nf6 4. Nf3 e6 5. Nc3 Nbd7 6. Qc2 Bd6 7. Bd3 dxc4 8. Bxc4 b5 9. Be2 Bb7 10. 0-0 0-0 11. Rd1 Qc7 12. Bd2 a6 13. b4 e5 14. Bd3 Rfe8 15. a3 1/2-1/2

[Event "SVK-chT2C 1617"]
[Site "Slovakia"]
[Date "2017.02.11"]
[Round "8.6"]
[White "Vrchovsky, Viliam"]
[Black "Turkova, Karolina"]
[Result "1-0"]
[WhiteElo "2003"]
[BlackElo "2004"]
[PlyCount "75"]
[EventDate "2016.10.08"]
[EventType "team-tourn"]
[EventRounds "11"]
[EventCountry "SVK"]
[SourceTitle "EXT 2018"]
[Source "ChessBase"]
[SourceDate "2017.10.13"]
[SourceVersion "1"]
[SourceVersionDate "2017.10.13"]
[SourceQuality "1"]
[WhiteTeam "Dunajov Inbest II"]
[BlackTeam "Liptov Chess School III"]
[WhiteTeamCountry "SVK"]
[BlackTeamCountry "SVK"]

1. e4 e5 2. Nf3 Nc6 3. Bc4 Nf6 4. d3 Be7 5. Nc3 0-0 6. a3 d6 7. Be3 Na5 8. Ba2 c5 9. Qd2 a6 10. 0-0 Bg4 11. Ne1 Rb8 12. f3 Bd7 13. Nd5 Nxd5 14. exd5 b5 15. b4 Nb7 16. Rb1 Qc7 17. Qf2 a5 18. bxc5 Nxc5 19. f4 exf4 20. Qxf4 Na4 21. Bd4 Nc3 22. Bxc3 Qxc3 23. Rb3 Qa1 24. Bb1 a4 25. Rb4 Qxa3 26. Re4 Bf6 27. d4 Rbe8 28. Nd3 Qc3 29. Rxe8 Qxd4+ 30. Re3 Qxd5 31. Rg3 Bd4+ 32. Kh1 a3 33. Qh4 Re8 34. c3 a2 35. Bxa2 Qxa2 36. Qxd4 g6 37. Nf4 Bc6 38. Nh5 1-0

[Event "SVK-chT2C 1516"]
[Site "Slovakia"]
[Date "2016.02.13"]
[Round "8.4"]
[White "Turkova, Karolina"]
[Black "Luptak, Pavol"]
[Result "1-0"]
[WhiteElo "2004"]
[BlackElo "2008"]
[PlyCount "55"]
[EventDate "2015.10.17"]
[EventType "team-tourn"]
[EventRounds "11"]
[EventCountry "SVK"]
[SourceTitle "EXT 2017"]
[Source "ChessBase"]
[SourceDate "2016.10.25"]
[SourceVersion "1"]
[SourceVersionDate "2016.10.25"]
[SourceQuality "1"]
[WhiteTeam "Liptov Chess School III"]
[BlackTeam "Banska Bystrica Kurta"]
[WhiteTeamCountry "SVK"]
[BlackTeamCountry "SVK"]

1. e4 e5 2. Nf3 Nc6 3. Bb5 f5 4. Nc3 Nf6 5. exf5 e4 6. Ng5 d5 7. Ne6 Bxe6 8. fxe6 d4 9. Nxe4 Nxe4 10. Qh5+ Ke7 11. Qf7+ Kd6 12. Qf4+ Kd5 13. Qf5+ Ne5 14. b3 Qh4 15. Bc4+ Kd6 16. Ba3+ c5 17. e7 Nxc4 18. bxc4 Qxe7 19. 0-0 Qe5 20. Qh3 Ng5 21. Qb3 Qe4 22. Qg3+ Qe5 23. f4 Qe4 24. fxg5+ Kc6 25. Rf7 Bd6 26. Qb3 Be7 27. Qb5+ Kc7 28. Qxc5+ 1-0

[Event "CZE/SVK-chT (Women)"]
[Site "Ricany"]
[Date "2015.06.30"]
[Round "6"]
[White "Beluska, Tereza"]
[Black "Turkova, Karolina"]
[Result "0-1"]
[WhiteElo "1960"]
[BlackElo "1999"]
[PlyCount "66"]
[EventDate "2015.06.27"]
[EventType "team-tourn"]
[EventRounds "7"]
[EventCountry "CZE"]
[SourceTitle "EXT 2017"]
[Source "ChessBase"]
[SourceDate "2016.10.25"]
[SourceVersion "1"]
[SourceVersionDate "2016.10.25"]
[SourceQuality "1"]

1. e4 e5 2. Nf3 Nc6 3. Nc3 Nf6 4. Bb5 Bb4 5. 0-0 0-0 6. d3 d6 7. Bg5 Bxc3 8. bxc3 Qe7 9. Re1 Nd8 10. d4 Ne6 11. Bc1 c6 12. Bd3 Qc7 13. a4 Rd8 14. Bb2 c5 15. d5 Nf4 16. h3 Bd7 17. Bc1 Nxd3 18. cxd3 b5 19. axb5 Bxb5 20. c4 Be8 21. Bg5 Qe7 22. Nh4 Bd7 23. Nf5 Bxf5 24. exf5 Re8 25. Ra6 Rab8 26. Qa4 Rb4 27. Qa5 Rb7 28. f4 e4 29. Rxe4 Qd7 30. Bxf6 gxf6 31. Rxe8+ Qxe8 32. Rxa7 Qe3+ 33. Kf1 Rb1+ 0-1

[Event "CZE-chT2A 1415"]
[Site "Czech Republic"]
[Date "2015.01.25"]
[Round "6.5"]
[White "Hurdzan, Tomas"]
[Black "Turkova, Karolina"]
[Result "1-0"]
[WhiteElo "1946"]
[BlackElo "1970"]
[PlyCount "70"]
[EventDate "2014.11.02"]
[EventType "team-tourn"]
[EventRounds "11"]
[EventCountry "CZE"]
[SourceTitle "EXT 2022"]
[Source "ChessBase"]
[SourceDate "2021.10.06"]
[SourceVersion "1"]
[SourceVersionDate "2021.10.06"]
[SourceQuality "1"]
[WhiteTeam "Klatovy"]
[BlackTeam "Praha Dopravni podnik"]
[WhiteTeamCountry "CZE"]
[BlackTeamCountry "CZE"]

1. e4 e5 2. Nf3 Nc6 3. Nc3 Nf6 4. d4 exd4 5. Nxd4 Bb4 6. Nxc6 bxc6 7. Bd3 d5 8. exd5 cxd5 9. 0-0 0-0 10. Bg5 c6 11. Qf3 Be7 12. Rae1 Rb8 13. Nd1 Be6 14. b3 Rb7 15. Ne3 Qd7 16. Nf5 Bxf5 17. Bxf5 Qd6 18. Re2 Bd8 19. Bf4 Qc5 20. Bd3 Re7 21. Be5 Ne4 22. Bb2 Rfe8 23. Kh1 Bb6 24. Bxe4 Rxe4 25. Rxe4 Rxe4 26. Qf5 Re6 27. g3 d4 28. Qd3 Qh5 29. f3 Re3 30. Qd1 Qe5 31. Bc1 Re2 32. Bd2 Bc7 33. Bf4 Rxh2+ 34. Kxh2 Qh5+ 35. Kg2 Bxf4 1-0

[Event "Wch U20 Girls 32nd"]
[Site "Pune"]
[Date "2014.10.08"]
[Round "3"]
[White "Turkova, Karolina"]
[Black "Bidhar, Rutumbara"]
[Result "1-0"]
[WhiteElo "2033"]
[BlackElo "1808"]
[PlyCount "49"]
[EventDate "2014.10.06"]
[EventType "swiss"]
[EventRounds "13"]
[EventCountry "IND"]
[SourceTitle "EXT 2015"]
[Source "ChessBase"]
[SourceDate "2014.11.20"]
[SourceVersion "1"]
[SourceVersionDate "2014.11.20"]
[SourceQuality "1"]

1. e4 c5 2. Nf3 d6 3. d4 cxd4 4. Nxd4 Nf6 5. Nc3 Nc6 6. Bg5 e6 7. Qd2 Be7 8. f4 a6 9. 0-0-0 Qc7 10. g4 b5 11. Bg2 Bb7 12. Rhe1 Rc8 13. Bxf6 Bxf6 14. e5 dxe5 15. Ndxb5 axb5 16. Nxb5 Qd8 17. Nd6+ Kf8 18. Nxc8 Qxc8 19. Qd7 Qa8 20. a3 exf4 21. Qc7 Bd8 22. Rxd8+ Nxd8 23. Rd1 Bd5 24. c4 g6 25. cxd5 1-0

[Event "Prague Summer op 1st"]
[Site "Prague"]
[Date "2014.08.13"]
[Round "6"]
[White "Turkova, Karolina"]
[Black "Kopecek, Ivan"]
[Result "1/2-1/2"]
[WhiteElo "2042"]
[BlackElo "1912"]
[PlyCount "57"]
[EventDate "2014.08.09"]
[EventType "swiss"]
[EventRounds "9"]
[EventCountry "CZE"]
[SourceTitle "CBM 162 Extra"]
[Source "ChessBase"]
[SourceDate "2014.10.17"]
[SourceVersion "1"]
[SourceVersionDate "2014.10.17"]
[SourceQuality "1"]

1. e4 e5 2. Nf3 Nc6 3. Bb5 a6 4. Ba4 Nf6 5. d4 exd4 6. 0-0 Be7 7. e5 Ne4 8. Nxd4 0-0 9. c3 Nc5 10. Bxc6 dxc6 11. Nd2 Nd3 12. N2f3 Nxc1 13. Qxc1 c5 14. Nb3 Qd7 15. Qf4 Qg4 16. Qxg4 Bxg4 17. Nfd2 b6 18. h3 Bf5 19. Rad1 Rad8 20. Nf3 Be4 21. Nbd2 Bc6 22. Nb3 a5 23. Nh2 Bd5 24. Ng4 Be6 25. Ne3 a4 26. Nc1 f6 27. exf6 Bxf6 28. a3 b5 29. Ng4 1/2-1/2

[Event "CZE/SVK-chT (Women)"]
[Site "Liptovsky Mikulas"]
[Date "2014.06.21"]
[Round "3"]
[White "Kanakova, Natalie"]
[Black "Turkova, Karolina"]
[Result "1-0"]
[WhiteElo "2005"]
[BlackElo "2059"]
[PlyCount "57"]
[EventDate "2014.06.20"]
[EventType "team-tourn"]
[EventRounds "7"]
[EventCountry "SVK"]
[SourceTitle "EXT 2016"]
[Source "ChessBase"]
[SourceDate "2015.10.08"]
[SourceVersion "1"]
[SourceVersionDate "2015.10.08"]
[SourceQuality "1"]
[WhiteTeam "Beskydy Chess School"]
[BlackTeam "Liptov Chess School"]
[WhiteTeamCountry "CZE"]
[BlackTeamCountry "SVK"]

1. e4 e5 2. Nf3 Nc6 3. d4 exd4 4. Nxd4 Bc5 5. Nb3 Bb6 6. Nc3 Qf6 7. Qe2 Nge7 8. Be3 0-0 9. 0-0-0 d6 10. f3 Be6 11. g4 Ne5 12. Nd2 Bxe3 13. Qxe3 N7g6 14. h4 Qf4 15. Qe2 Rad8 16. h5 Ne7 17. Qg2 d5 18. Ne2 Qe3 19. f4 Nc4 20. Rh3 Qc5 21. Nb3 Qb6 22. Ned4 a5 23. f5 a4 24. fxe6 axb3 25. Rxb3 Qa5 26. exd5 Ne5 27. Nf5 Rfe8 28. Bb5 Qxa2 29. Ra3 1-0

[Event "CZE/SVK-chT (Women)"]
[Site "Liptovsky Mikulas"]
[Date "2014.06.20"]
[Round "2"]
[White "Turkova, Karolina"]
[Black "Koci, Tereza"]
[Result "1-0"]
[WhiteElo "2059"]
[BlackElo "1493"]
[PlyCount "59"]
[EventDate "2014.06.20"]
[EventType "team-tourn"]
[EventRounds "7"]
[EventCountry "SVK"]
[SourceTitle "EXT 2016"]
[Source "ChessBase"]
[SourceDate "2015.10.08"]
[SourceVersion "1"]
[SourceVersionDate "2015.10.08"]
[SourceQuality "1"]
[WhiteTeam "Liptov Chess School"]
[BlackTeam "Bratislava KSN"]
[WhiteTeamCountry "SVK"]
[BlackTeamCountry "SVK"]

1. e4 c5 2. Nf3 e6 3. d4 cxd4 4. Nxd4 a6 5. Bd3 Qc7 6. Nc3 Nf6 7. 0-0 Be7 8. Be3 0-0 9. f4 d6 10. Qf3 Nbd7 11. Rae1 b6 12. Qh3 e5 13. Nf5 Nc5 14. fxe5 dxe5 15. Bg5 Nxd3 16. Qxd3 Bc5+ 17. Kh1 Bxf5 18. Rxf5 Ng4 19. Qg3 Nf2+ 20. Rxf2 Bxf2 21. Qxf2 f6 22. Be3 b5 23. Nd5 Qb7 24. Qf5 Kh8 25. Bc5 Rf7 26. Qe6 Qd7 27. Qxd7 Rxd7 28. Nb6 Rc7 29. Nxa8 Rxc5 30. Rd1 1-0